La literatura infantil y el sistema social de representación de ideas: el caso de las fábulas y los cuentos de James Finn Garner (Record no. 181421)
[ view plain ]
| 000 -CABECERA | |
|---|---|
| campo de control de longitud fija | 01801nab a2200289 a 4500 |
| 005 - FECHA Y HORA DE LA ÚLTIMA TRANSACCIÓN | |
| campo de control | 20250806160755.0 |
| 008 - ELEMENTOS DE LONGITUD FIJA--INFORMACIÓN GENERAL | |
| campo de control de longitud fija | 991125c2015 sp fr p o 000 0 spa d |
| 035 ## - NÚMERO DE CONTROL DEL SISTEMA | |
| Número de control de sistema | UPN01000209320 |
| 040 ## - FUENTE DE LA CATALOGACIÓN | |
| Centro catalogador/agencia de origen | MX-MxUPN |
| Lengua de catalogación | spa |
| Centro/agencia transcriptor | MX-MxUPN |
| Normas de descripción | aacr2 |
| 049 ## - COLECCIÓN | |
| Colección | ART-E |
| 100 1# - ASIENTO PRINCIPAL--NOMBRE PERSONAL | |
| Nombre de persona | Jerez Martínez, Isabel |
| 100 1# - ASIENTO PRINCIPAL--NOMBRE PERSONAL | |
| Filiación | Isabel.jerezmartinez@uclm.es |
| 100 1# - ASIENTO PRINCIPAL--NOMBRE PERSONAL | |
| Nombre de persona | Hernández Delgado, Lourdes |
| 100 1# - ASIENTO PRINCIPAL--NOMBRE PERSONAL | |
| Filiación | Lourdes.hernandez@um.es |
| 245 13 - MENCIÓN DE TÍTULO | |
| Título | La literatura infantil y el sistema social de representación de ideas: el caso de las fábulas y los cuentos de James Finn Garner |
| 506 0# - NOTA DE RESTRICCIONES AL ACCESO | |
| Limitaciones de acceso | Acceso abierto |
| 520 3# - NOTA DE RESUMEN, ETC. | |
| Sumario, etc. | La intención de este artículo tiene que ver con la elaboración políticamente correcta que James Finn Garner realiza tanto de cuentos clásicos como de fábulas. Desde esta aportación pretendemos abordar dos aspectos, el primero centrado en el análisis de significado apreciando cómo puede afectar la alteración de las historias a la percepción y construcción social que las personas hacen de su realidad en el siglo XXI, y el segundo orientado al estudio de lo estructural, observando cómo Garner (1995), autor objeto de nuestro estudio, modifica las aportaciones clásicas referidas a los actantes (i.e. Propp) y dota a los mismos de una función y sentido diferentes. Ambos análisis nos proporcionarán las respuestas a las preguntas formuladas en esta propuesta. |
| 650 #4 - ASIENTO SECUNDARIO DE MATERIA - TERMINO TEMATICO | |
| Término de materia o nombre geográfico como elemento de entrada | Literatura infantil |
| 9 (RLIN) | 4445 |
| 650 #4 - ASIENTO SECUNDARIO DE MATERIA - TERMINO TEMATICO | |
| Término de materia o nombre geográfico como elemento de entrada | Cuentos |
| 9 (RLIN) | 3090 |
| 653 0# - TERMINO DE INDIZACION - NO CONTROLADO | |
| Término no controlado | Educación infantil |
| 653 0# - TERMINO DE INDIZACION - NO CONTROLADO | |
| Término no controlado | Imaginario |
| 773 ## - ENLACE AL DOCUMENTO FUENTE/ENTRADA DE REGISTRO ANFITRIÓN | |
| Parte(s) relacionada(s) | Vol. 30, no. 2 (2015), p. 123-135 |
| Título | Ensayos : revista de la Facultad de Educación de Albacete |
| Número Internacional Normalizado para Publicaciones Seriadas | 2171-9098 |
| 856 4# - LOCALIZACIÓN Y ACCESO ELECTRÓNICOS | |
| Identificador Uniforme del Recurso | <a href="https://revista.uclm.es/index.php/ensayos/article/view/657">https://revista.uclm.es/index.php/ensayos/article/view/657</a> |
| 902 ## - ELEMENTOS DE DATOS B LOCAL, LDB (RLIN) | |
| Creó | Gloria Jiménez/060825 |
| 905 ## - TIPO DE MATERIAL | |
| Tipo de material | Articulo |
| 942 ## - ELEMENTOS DE PUNTO DE ACCESO ADICIONAL (KOHA) | |
| Tipo de ítem Koha | Artículo Electrónico |
| Estado de retiro | Estado de pérdida | Estado dañado | No para préstamo | Código de colección | Localización permanente | Ubicación/localización actual | Ubicación en estantería | Fecha de adquisición | Total de préstamos | Fecha visto por última vez | Identificador Uniforme del Recurso | Precio válido a partir de | Tipo de ítem Koha |
|---|---|---|---|---|---|---|---|---|---|---|---|---|---|
| Acceso abierto | Bib. Gregorio Torres Quintero | Bib. Gregorio Torres Quintero | En línea | 06/08/2025 | 06/08/2025 | https://revista.uclm.es/index.php/ensayos/article/view/657 | 06/08/2025 | Artículo Electrónico |
